1702 1839 1382 1511 1044 1744 1336 1088 1680 1257 1263 1510 2000 1283 1081 1517 1683 1480 1819 1648 1574 1891 1853 1838 1100 1624 1121 1877 1285 1382 1381 1150 1256 1127 1623 1939 1166 1106 1808 1552 1039 1271 1310 1281 1308 1964 1564 1753 1745 1895 1655 1565 1662 1841 1616 1377 1569 1817 1797 1475 1762 1795 1552 1144 1427 1665 1872 1904 1901 1003 1136 1172 1028 1585 1087 1931 1497 1173 1272 1346 1357 1781 1239 1763 1428 1657 1146 1270 1819 1001 1915 1755 1658 1460 1246 1629 1817 1834 1094 BCNSPRNW ULIB Ver.6.0+V

เปลี่ยนเป็นภาษาไทย

Change to English
 แสดงรายละเอียดบรรณานุกรม
  กลับหน้าหลัก

Brief Record : Get Marc (ISO 2709) : E-mail record : QR code < ปิดหน้าต่าง
LEADER : 00000nam 2200000uu 4500
001    13399110801
003     ULIB
008    110609s2551||||th 000 0 tha d
020    9789744140135
050  4 HF5549.5.S38^bค933ก 2551
100 1  แคปเพลลี, ปีเตอร์
245 10 การว่าจ้างและรักษาบุคลากร =^bHiring and keeping the bestpeople /^cโดย Peter Cappelli ; แปลและเรียบเรียงโดย ประคัลภ์ ปัณฑพลังกูร
246 31 Hiring and keeping the best people
246 34 การว่าจ้างและรักษาบุคลากร :^bคู่มือการว่าจ้างและรักษาบุคลากรที่มีความเป็นเลิศให้คงอยู่กับองค์กร
250    พิมพ์ครั้งที่ 2
260    กรุงเทพฯ :^bเอ็กซเปอร์เน็ท,^c2551
300    253 หน้า ;^c24 ซม.
440  0 หนังสือชุดหัวใจในการบริหารธุรกิจของมหาวิทยาลัยฮาร์วาร์ด
440  0 Harvard business essentials series
650  7 การจูงใจในการทำงาน
650  7 การบริหารงานบุคคล
650  7 การสรรหาบุคลากร
700 0  ประคัลภ์ ปัณฑพลังกูร,^eผู้แปล
700 12 Cappelli, Peter.^tHiring and keeping the best people
945    ^p270^l0^i18280
995    กัณชพร
999    ^aใช้งานได้ทุกระบบ
รายการนี้ยังไม่มีแท็ก
คุณยังไม่ได้ล็อกอิน คุณสามารถมีกิจกรรมร่วมกับเว็บไซต์ได้ แต่ต้องล็อกอินก่อน ::
  ล็อกอิน

รายการสื่อสารสนเทศ

ลำดับที่ ประเภท เลขเรียก/บาร์โค้ด สถานที่ สถานะ
- ไม่พบข้อมูล -

รายการใกล้เคียง
    ผู้แต่ง [แคปเพลลี, ปีเตอร์]

    หัวเรื่อง [การจูงใจในการทำงาน]
    หัวเรื่อง [การบริหารงานบุคคล]
    หัวเรื่อง [การสรรหาบุคลากร]

BibComment


ยังไม่เคยถูกคอมเมนท์

คอมเมนท์ทรัพยากรรายการนี้
  คอมเมนท์: การว่าจ้างและรักษ..


 Copyright 2026. Bcnsprnw @Library